<?xml version="1.0" encoding="UTF-8"?><?xml-stylesheet type="text/xsl" href="static/style.xsl"?><OAI-PMH xmlns="http://www.openarchives.org/OAI/2.0/" xmlns:xsi="http://www.w3.org/2001/XMLSchema-instance" xsi:schemaLocation="http://www.openarchives.org/OAI/2.0/ http://www.openarchives.org/OAI/2.0/OAI-PMH.xsd"><responseDate>2026-04-28T19:24:37Z</responseDate><request verb="GetRecord" identifier="oai:uvadoc.uva.es:10324/73194" metadataPrefix="marc">https://uvadoc.uva.es/oai/request</request><GetRecord><record><header><identifier>oai:uvadoc.uva.es:10324/73194</identifier><datestamp>2025-03-26T19:45:18Z</datestamp><setSpec>com_10324_35623</setSpec><setSpec>com_10324_5186</setSpec><setSpec>com_10324_29291</setSpec><setSpec>col_10324_73187</setSpec></header><metadata><record xmlns="http://www.loc.gov/MARC21/slim" xmlns:doc="http://www.lyncode.com/xoai" xmlns:xsi="http://www.w3.org/2001/XMLSchema-instance" xmlns:dcterms="http://purl.org/dc/terms/" xsi:schemaLocation="http://www.loc.gov/MARC21/slim http://www.loc.gov/standards/marcxml/schema/MARC21slim.xsd">
<leader>00925njm 22002777a 4500</leader>
<datafield tag="042" ind1=" " ind2=" ">
<subfield code="a">dc</subfield>
</datafield>
<datafield tag="720" ind1=" " ind2=" ">
<subfield code="a">Peragón López, Clara Eugenia</subfield>
<subfield code="e">author</subfield>
</datafield>
<datafield tag="260" ind1=" " ind2=" ">
<subfield code="c">2024</subfield>
</datafield>
<datafield tag="520" ind1=" " ind2=" ">
<subfield code="a">El objetivo fundamental de este trabajo es analizar los signos del paisaje lingüístico denominados de aparato o conmemorativos dedicados a Federico García Lorca en distintos puntos del territorio español. Para ello, tras un breve estado de la cuestión sobre el objeto de estudio, se ha seleccionado un corpus de escrituras expuestas instaladas en los lugares en los que Lorca nació o residió, así como en aquellos que inspiraron sus obras, o que visitó por diferentes motivos. Ello nos ha permitido realizar algunas calas en su biografía con el fin de establecer su relación con estos espacios, quedando así justificada la motivación para la literaturización de los mismos por parte de sus promotores. En el contexto del actual paradigma de la educación literaria, este corpus constituye una alternativa novedosa para el conocimiento de la vida de García Lorca y, por tanto, también de su obra, siendo susceptible de una explotación que, desde una vertiente filológica o didáctica, variará en función de sus receptores/as y de la finalidad que se persiga en cada caso. </subfield>
</datafield>
<datafield tag="024" ind2=" " ind1="8">
<subfield code="a">Ogigia. Revista Electrónica de Estudios Hispánicos; Núm. 36 (2024): Monográfico: La lectura y la escritura en contextos educativos: una panorámica de investigaciones en el ámbito hispánico pags. 153-176</subfield>
</datafield>
<datafield tag="024" ind2=" " ind1="8">
<subfield code="a">1887-3731</subfield>
</datafield>
<datafield tag="024" ind2=" " ind1="8">
<subfield code="a">https://uvadoc.uva.es/handle/10324/73194</subfield>
</datafield>
<datafield tag="024" ind2=" " ind1="8">
<subfield code="a">10.24197/ogigia.36.2024.153-176</subfield>
</datafield>
<datafield tag="024" ind2=" " ind1="8">
<subfield code="a">153</subfield>
</datafield>
<datafield tag="024" ind2=" " ind1="8">
<subfield code="a">36</subfield>
</datafield>
<datafield tag="024" ind2=" " ind1="8">
<subfield code="a">176</subfield>
</datafield>
<datafield tag="245" ind1="0" ind2="0">
<subfield code="a">(Re)conociendo a Federico García Lorca en el espacio público. El paisaje lingüístico lorquiano como fuente para la educación literaria</subfield>
</datafield>
</record></metadata></record></GetRecord></OAI-PMH>